000
00345nam a2200145Ia 4500
008
230718s9999 xx 000 0 und d
041
_a
Eng.
082
_a
396.6
_b
KHA-P
100
_a
Khan, Munis Ahmed
245
0
_a
Principals of Muhammder
260
_a
Pakistan
_b
Indern law book house
_c
2008
300
_a
811
650
_a
Law
999
_c
26577
_d
26577